| 000 | 00537nam a2200181Ia 4500 | ||
|---|---|---|---|
| 003 | OSt | ||
| 005 | 20201007110646.0 | ||
| 008 | 190216s9999||||xx |||||||||||||| ||und|| | ||
| 020 | _a9788177226096 | ||
| 040 | _coclc | ||
| 082 |
_a005.133 _bHOL/V |
||
| 100 |
_aHolzner, Steven _95360 |
||
| 245 | 0 |
_aVisual Basic.Net Programming Black Book / _cSteven Holzner |
|
| 260 |
_bDream Tech Press, _c2010. _aNew Delhi: |
||
| 300 | _a1247p | ||
| 650 | _aComputer Science | ||
| 942 |
_cBK _2ddc _h005.133 _iHOL/V _k005.133 _mHOL/V |
||
| 999 |
_c9026 _d9026 |
||